000 00629cas a22001935a 4500
001 L150498
008 100720d1962198 xxkbr p 0 a0eng u
035 _a(Sirsi) u150498
041 0 _aeng
110 2 _aInstitute of Quantity Surveyors
_92491
245 0 0 _aInstitute of Quantity Surveyors
_bYearbook
260 _aLondon
_bIQS
_c1956-1983
362 _a1962-1981 (incomplete holdings)
520 _aVols available 1962-1963, 19641965, 1966-1967, 1969, 1972-1972, 1973-1974, 1975-1976, 1977-1978, 1980 and 1980-1981
554 _aAnnual
651 4 _aUnited Kingdom
_y
690 _aQuantity surveying
_96263
942 _n0
999 _c119281
_d119281